Loading...
| Current Events | 1 | 0.00 | 0% | 0% | 0% |
| Fine Arts - Auditory Fine Arts | 9 | 15.56 | 100% | 44% | 11% |
| Fine Arts - Other Fine Arts | 7 | 17.14 | 100% | 71% | 0% |
| Fine Arts - Visual Fine Arts | 8 | 16.25 | 100% | 63% | 0% |
| Geography | 2 | 20.00 | 100% | 100% | 0% |
| History - American History | 7 | 14.29 | 100% | 43% | 0% |
| History - European History | 9 | 13.33 | 100% | 33% | 0% |
| History - Other History | 8 | 12.50 | 100% | 13% | 13% |
| History - World History | 7 | 15.71 | 100% | 43% | 14% |
| Literature - American Literature | 5 | 16.00 | 100% | 20% | 40% |
| Literature - British Literature | 8 | 17.50 | 100% | 63% | 13% |
| Literature - European Literature | 4 | 17.50 | 100% | 75% | 0% |
| Literature - World Literature | 9 | 18.89 | 100% | 89% | 0% |
| Mythology | 9 | 18.89 | 100% | 67% | 22% |
| Other Academic | 2 | 5.00 | 50% | 0% | 0% |
| Philosophy | 6 | 18.33 | 100% | 67% | 17% |
| Pop Culture | 2 | 20.00 | 100% | 100% | 0% |
| Religion | 8 | 15.00 | 100% | 38% | 13% |
| Science - Biology | 8 | 11.25 | 88% | 25% | 0% |
| Science - Chemistry | 7 | 11.43 | 100% | 14% | 0% |
| Science - Other Science | 7 | 14.29 | 100% | 43% | 0% |
| Science - Physics | 7 | 11.43 | 100% | 14% | 0% |
| Social Science | 6 | 15.00 | 83% | 67% | 0% |